000 00323nam a2200133Ia 4500
008 100328s9999 xx 000 0 und d
082 _b52005
100 _aSheldon Sidney
245 _aTell Me Your Dreams
260 _bHarper Collins
630 _aTell Me Your Dreams
730 _aTell Me Your Dreams
942 _cBOOK
999 _c538885
_d538882